01621cam a22003374i 45000010009000000050017000090080041000260100017000670200029000840400028001130420008001410430012001490500023001610820020001840840023002041000020002272450081002472640059003283000037003873360021004243370025004453380023004705050459004936500030009526500057009826500042010396510051010816510053011326510048011856510050012331774812720221220100716.0130522s2013 enk 000 0 eng  a 2013017924 a9780199336036 (hardback) aDLCbengcDLCerdadDLC apcc aa-ii---00aJQ298.8b.T55 201300a320.554,TIL223 aPOL0000002bisacsh1 aTillin, Louise.10aRemapping India :bnew states and their political origins / cLouise Tillin. 1aOxford ;aNew York :bOxford University Press,c[2013] axiv, 268 pages :bmaps ;c23 cm. atext2rdacontent aunmediated2rdamedia avolume2rdacarrier0 aIntroduction : the compromise politics of statehood (Page-1), Territorial design and federal thought in India (Page-27), Social movements, political parties and statehood : Jharkhand and Uttarakhand (Page-67), Statehood without a movement : Chhattisgarh (Page-109), The view from the state capitals (Page-143), Federal politics and the creation of new states in 2000 (Page-167), After 2000 : rurther reorganisation? (Page-185), Conclusion (Page-199). 0aState governmentszIndia. 0aRepresentative government and representationzIndia. 7aPOLITICAL SCIENCE / General.2bisacsh 0aIndiaxAdministrative and political divisions. 0aChhattīsgarh (India)xPolitics and government. 0aJharkhand (India)xPolitics and government. 0aUttarakhand (India)xPolitics and government.